000 01535 am a2200445 i 4500
001 ocn857717685
003 OCoLC
005 20260330180410.0
008 130903s2013 nyua c 6 000 0 eng
010 _a 2013030815
016 7 _a016461755
_2Uk
020 _a9781596438057 (hbk.)
020 _a1596438053 (hbk.)
020 _a9781596431454 (pbk.)
020 _a1596431458 (pbk.)
035 _a(OCoLC)ocn857717685
035 _a(OCoLC)857717685
040 _aDLC
_erda
_beng
_cDLC
_dIG#
_dOCLCO
_dYDXCP
_dBTCTA
_dBDX
_dWIM
_dUKMGB
_dCNSAP
_dCO2
_dWIQ
_dNUI
_dZCU
043 _an-us---
049 _aIUPB
050 0 0 _aPZ7.7.P665
_bBat 2013
082 0 0 _a741.5/973
_223
100 1 _aPope, Paul.
_955628
245 1 0 _aBattling Boy /
_cPaul Pope ; color by Hilary Sycamore.
250 _aFirst edition.
300 _a199 pages :
_bchiefly color illustrations ;
_c23 cm
520 _aA twelve-year-old demigod is sent to help the people of Arcopolis, a city infested with monsters.
650 0 _aSuperheroes
_vComic books, strips, etc.
650 0 _aGods
_vComic books, strips, etc.
_955629
650 0 _aMonsters
_vComic books, strips, etc.
650 1 _aSuperheroes
_vFiction.
650 1 _aGods
_vFiction.
650 1 _aMonsters
_vFiction.
655 0 _aFantasy comic books, strips, etc.
655 0 _aComic books, strips, etc.
655 7 _aGraphic novels.
_2lcsh
700 1 _aSycamore, Hilary.
_4colorist
_955630
856 4 2 _3Discussion guide
_uhttp://us.macmillan.com/battlingboy/PaulPope
942 _2ddc
_cBK
999 _c129576
_d129576